000 00611cam a2200193ua 4500
001 5979
008 131030n ii |||gr||||Z||||||eng
020 _a81-237-4573-7
040 _cMAIN
082 _a302.14
100 _aReport Of The Committee.
245 _aCommunal Problem
_cby Report Of The Committee
250 _a1st. /
_bReport of the committee appointed by the Indian National Congress (Karachi session 1931) to enquire into the Kanpur Riots of March 1931.
260 _aDelhi:
_bNational Book Trust,
_c2005.
300 _a215p.
653 _aSociology
653 _aCommunal Problem
942 _cBK
999 _c5133
_d5133